000
00288nam a22001337a 4500
008
171011b xxu||||| |||| 00| 0 eng d
020
_a
9780073129112
041
_a
eng
080
_2
6TH
_a
316
100
_a
50
101
_a
SOC
245
_a
HUMAN SEXUALITY
_c
STRONG,B
942
_2
udc
_c
BK
999
_c
33131
_d
33131